| 000 | 02450nam a2200421Ii 4500 | ||
|---|---|---|---|
| 001 | DIGBIN01056 | ||
| 003 | NyNyDIG | ||
| 006 | m o d | ||
| 007 | cr ||||||||||| | ||
| 008 | 130901s2012 sp ob 000 0 spa d | ||
| 020 |
_a9788499404615 _q(eBook) |
||
| 020 | _z8499402763 | ||
| 020 | _z9788499402765 | ||
| 035 | _a(OCoLC)888255555 | ||
| 040 |
_aDGITA _beng _epn _cDGITA |
||
| 050 | 1 | 4 | _aLC1037.5 eBook |
| 245 | 0 | 0 |
_aOrientación educativa : _bnuevas perspectivas / _cLuis M. Sobrado Fernández, Elena Fernández Rey y Ma Luisa Rodicio García (coords.) |
| 264 | 1 |
_aMadrid : _bBiblioteca Nueva, _c2012. |
|
| 300 | _a1 online resource (396 pages) | ||
| 336 |
_atext _btxt _2rdacontent |
||
| 337 |
_acomputer _bc _2rdamedia |
||
| 338 |
_aonline resource _bcr _2rdacarrier |
||
| 490 | 1 | _aBiblioteca Nueva universidad. Manuales y obras de referencia. | |
| 504 | _aIncludes bibliographical references (p. [355]-393). | ||
| 505 | 0 | _aPrólogo -- I. La Orientación Educativa a lo largo de la vida -- II. Teorías y modelos explicativos de la Orientación en Educación -- III. Funciones y competencias orientadoras y tutoriales en el marco educativo -- IV. Aportaciones del Diagnóstico Psicopedagógico a la Orientación Educativa -- V. Orientación y atención a la diversidad -- VI. Las Tecnologías de la Información y Comunicación (TIC) en Orientación Educativa: retos y tendencias innovadoras -- VII. La Orientación Profesional en Educación -- VIII.Servicios de Orientación educativa: Organización y funcionamiento -- IX. Tutoría Educativa en los diversos niveles y escenarios pedagógicos -- X. Formación y Desarrollo Profesional de los Orientadores Educativos -- XI. Diseño y Evaluación de Programas de Orientación Educativa -- XII. Estrategias y acciones de asesoramiento social y familiar en la Orientación Educativa -- Anexos - Bibliografía. | |
| 650 | 0 | _aCareer education. | |
| 650 | 0 | _aVocational guidance | |
| 655 | 0 | _aElectronic books. | |
| 700 | 1 | _aSobrado Fernández, Luis | |
| 700 | 1 | _aFernández Rey, Elena | |
| 700 | 1 | _aRodicio García, María Luisa | |
| 791 | 2 |
_aDigitalia (Firm), _edistributor. |
|
| 830 | 0 |
_aBiblioteca Nueva universidad. _pManuales y obras de referencia. |
|
| 793 | 0 |
_gDigitalia eBook Collection: _aBiblioteca Nueva |
|
| 856 | 4 | 0 |
_3Digitalia Hispánica _uhttps://www.digitaliapublishing.com/a/17607/ |
| 910 | _aPremium Collection: 2007-2012 | ||
| 942 | _cRAA | ||
| 999 |
_c235491 _d235491 |
||